| 000 | 00921nam a2200301Ia 4500 | ||
|---|---|---|---|
| 001 | Z_2154 | ||
| 003 | CHAP | ||
| 008 | 220113s1995 xx 000 0 und d | ||
| 010 | _a165210 | ||
| 040 | _cCHAP | ||
| 090 | _aTesis R 1011 | ||
| 100 |
_aRamírez Luna, Guadalupe Manuel _994112 |
||
| 245 |
_aMejoramiento genético del borrego Pelibuey en México / _cpor Guadalupe Manuel Ramírez Luna y José Medina Ramírez |
||
| 260 |
_aChapingo, Méx. : _bEl autor, _c1995 |
||
| 300 | _a99 h. | ||
| 502 | _aTesis (Ing. Agr. Esp. en Zootecnia) -- UACH. Departamento de Zootecnia | ||
| 650 |
_aBorrego Pelibuey _913937 |
||
| 650 |
_aGanado lanar _xGenética _945182 |
||
| 650 |
_aGanado lanar _xMejoramiento _945194 |
||
| 650 |
_aGanado lanar _xRazas _945218 |
||
| 700 |
_aMedina Ramírez, José _974017 |
||
| 901 | _aTESIS R 1011 | ||
| 902 | _aM | ||
| 910 | _a1995 | ||
| 942 | _c2 | ||
| 942 | _c2 | ||
| 999 |
_c165210 _d165210 |
||